Manual de contratos del Estado / Pedro García Ortega
ISBN:
84-239-6534-1
Descripción Física:
454 p. ; 23 cm
MARC
| LEADER | 00000nam a2200000Ia 4500 | ||
|---|---|---|---|
| 001 | 18341 | ||
| 008 | 160829s1987 xx 000 0 cat d | ||
| 020 | |a 84-239-6534-1 | ||
| 080 | |a M-5-290 | ||
| 100 | |a García Ortega, Pedro |9 26767 | ||
| 245 | |a Manual de contratos del Estado / Pedro García Ortega | ||
| 250 | |a 3a ed., act. y ampl. | ||
| 260 | |a Madrid : |b Espasa Calpe, |c 1987 | ||
| 300 | |a 454 p. ; |c 23 cm | ||
| 650 | |a Contractes administratius |x Espanya |9 23438 | ||
| 650 | |a Obres públiques |x Contractes i especificacions |9 26768 | ||
| 901 | |a Arxiu | ||
| 942 | |n 1 | ||
| 952 | |0 0 |1 0 |4 0 |6 M5290 |7 1 |9 48035 |a Arxiu |b Arxiu |d 2016-12-01 |l 0 |o M-5-290 |p 18341 |r 2016-12-01 00:00:00 |w 2016-12-01 |y ARXIU | ||
| 999 | |c 51836 |d 51836 | ||